| 000 | 00935nam a2200265 a 4500 | ||
|---|---|---|---|
| 001 | |||
| 003 | OSt | ||
| 005 | 20201203130312.0 | ||
| 008 | 181204s2014 dr a 000 0 spa d | ||
| 020 | _a9789945118308 | ||
| 040 |
_aDO-SdBNP _bspa _cBNPHU |
||
| 082 |
_a372.27 _bC352c _222 |
||
| 100 | 1 |
_a Castillo, Segura, Esna Madeline _975623 |
|
| 245 | 1 | 0 |
_aCívica 4 : _bEducación media, 2do. grado / 2do ciclo _cEsna Madeline Segura ; editora Fanny Capellán Almonte; dirección editorial Claudia Llibre |
| 260 |
_aSanto Domingo : _bSantillana, _c2014 |
||
| 300 |
_a119 p. : _bil., ; _c28 cm. |
||
| 490 | 1 | _aInnova | |
| 505 | 0 |
_gv.1. _tLibro texto -- _gv.2 _tEdición anotada para el profesor y la profesora |
|
| 590 | _aInventariado, 2020/VM | ||
| 650 | 4 |
_aEducación cívica _zRepública Dominicana _977502 |
|
| 700 |
_aCapellán Almonte, Fanny _ded. _977503 |
||
| 830 | 0 |
_aInnova _929570 |
|
| 910 | _aVMateo | ||
| 942 |
_2ddc _cLBS1 |
||
| 999 |
_c49232 _d49232 |
||